[Event "Stuttgart-chB int"]
[Site "Ditzingen"]
[Date "2013.05.11"]
[Round "5"]
[White "Matic, Marijo"]
[Black "Degenhard, Simon"]
[Result "0-1"]
[WhiteElo "1565"]
[BlackElo "1711"]
[PlyCount "38"]
[EventDate "2013.05.09"]
[EventType "swiss"]
[EventRounds "7"]
[EventCountry "GER"]
[SourceTitle "EXT 2014"]
[Source "ChessBase"]
[SourceDate "2013.11.20"]
[SourceVersion "1"]
[SourceVersionDate "2013.11.20"]
[SourceQuality "1"]

1. e4 c5 2. Nf3 a6 3. d4 cxd4 4. Nxd4 Nf6 5. Nc3 e5 6. Nf3 Bb4 7. Bd3 d5 8. Nd2 Bxc3 9. bxc3 Be6 10. 0-0 0-0 11. Qe1 Nc6 12. Nf3 dxe4 13. Bxe4 Bc4 14. Bd3 Bxd3 15. cxd3 Qxd3 16. Nxe5 Nxe5 17. Qxe5 Rfe8 18. Qd4 Rad8 19. Qb4 Qxf1+ 0-1

[Event "Stuttgart-chB int"]
[Site "Ditzingen"]
[Date "2013.05.10"]
[Round "3"]
[White "Matic, Marijo"]
[Black "Gheng, Dominik"]
[Result "1-0"]
[WhiteElo "1565"]
[BlackElo "1635"]
[PlyCount "79"]
[EventDate "2013.05.09"]
[EventType "swiss"]
[EventRounds "7"]
[EventCountry "GER"]
[SourceTitle "EXT 2014"]
[Source "ChessBase"]
[SourceDate "2013.11.20"]
[SourceVersion "1"]
[SourceVersionDate "2013.11.20"]
[SourceQuality "1"]

1. e4 c5 2. Nf3 d6 3. d4 cxd4 4. Nxd4 Nf6 5. Nc3 g6 6. Be2 Bg7 7. Be3 0-0 8. 0-0 Nc6 9. Nxc6 bxc6 10. f4 Nd7 11. Na4 Nb6 12. c3 Bb7 13. Nxb6 axb6 14. Bf3 b5 15. Qc2 c5 16. a3 Qc7 17. Rad1 Ba6 18. Rf2 Bb7 19. Re2 Rfc8 20. Rdd2 Rf8 21. Re1 f5 22. Rf2 Ra4 23. exf5 Bxf3 24. Rxf3 Rxf5 25. Qb3+ c4 26. Qd1 Ra8 27. g4 Rc5 28. Kg2 Rc6 29. Qd5+ Kh8 30. Bd4 Rg8 31. Re6 Bxd4 32. Qxd4+ Rg7 33. Rfe3 Kg8 34. Qd5 Rc5 35. Qa8+ Kf7 36. Qh8 Qb7+ 37. Kg1 Rc7 38. f5 Qa7 39. Rf6+ exf6 40. Qe8# 1-0

[Event "Stuttgart-chB int"]
[Site "Ditzingen"]
[Date "2013.05.09"]
[Round "2"]
[White "Fuchs, Egbert"]
[Black "Matic, Marijo"]
[Result "1-0"]
[WhiteElo "1706"]
[BlackElo "1565"]
[PlyCount "105"]
[EventDate "2013.05.09"]
[EventType "swiss"]
[EventRounds "7"]
[EventCountry "GER"]
[SourceTitle "EXT 2014"]
[Source "ChessBase"]
[SourceDate "2013.11.20"]
[SourceVersion "1"]
[SourceVersionDate "2013.11.20"]
[SourceQuality "1"]

1. e4 c5 2. Nc3 d6 3. f4 Nc6 4. Bb5 Bd7 5. Nf3 e6 6. 0-0 g6 7. d3 Nge7 8. Bxc6 Bxc6 9. Qe1 Bg7 10. f5 exf5 11. exf5 0-0 12. fxg6 Nxg6 13. Bg5 Qd7 14. Qg3 f6 15. Bd2 Rae8 16. h4 Ne5 17. h5 Qg4 18. Qxg4 Nxg4 19. Rae1 Bh6 20. Bxh6 Nxh6 21. Nd2 f5 22. Nc4 Rf6 23. Rxe8+ Bxe8 24. Nd5 Rf8 25. Nxd6 Bxh5 26. Ne7+ Kh8 27. Nexf5 Nxf5 28. Rxf5 Rxf5 29. Nxf5 Bg4 30. Ne3 Be6 31. a3 b5 32. Kf2 Kg7 33. Kg3 Kf6 34. Kf4 h5 35. g3 a5 36. c3 a4 37. Ke4 Ba2 38. d4 cxd4 39. Kxd4 Kg5 40. Kc5 Bc4 41. Nxc4 bxc4 42. Kxc4 Kg4 43. Kb4 Kxg3 44. c4 h4 45. c5 h3 46. c6 h2 47. c7 h1Q 48. c8Q Qd5 49. Kxa4 Qd4+ 50. Kb3 Qb6+ 51. Ka2 Qb5 52. Qg8+ Kf3 53. Qb3+ 1-0

[Event "Stuttgart-chB int"]
[Site "Ditzingen"]
[Date "2009.05.23"]
[Round "5"]
[White "Strauss, Martin"]
[Black "Matic, Marijo"]
[Result "1-0"]
[WhiteElo "1660"]
[BlackElo "1491"]
[PlyCount "79"]
[EventDate "2009.05.21"]
[EventType "swiss"]
[EventRounds "7"]
[EventCountry "GER"]
[SourceTitle "EXT 2018"]
[Source "ChessBase"]
[SourceDate "2017.10.13"]
[SourceVersion "1"]
[SourceVersionDate "2017.10.13"]
[SourceQuality "1"]

1. e4 c5 2. Nf3 d6 3. Bb5+ Bd7 4. Bxd7+ Qxd7 5. 0-0 Nc6 6. d3 g6 7. Bd2 Bg7 8. Bc3 Nf6 9. a4 0-0 10. Qd2 Rac8 11. Na3 Rfe8 12. Nc4 b6 13. e5 Nd5 14. exd6 Nxc3 15. bxc3 exd6 16. Rfe1 d5 17. Nb2 Rxe1+ 18. Rxe1 Re8 19. Kf1 Ne5 20. Nxe5 Rxe5 21. d4 Rxe1+ 22. Kxe1 h6 23. dxc5 Qe7+ 24. Qe3 Qxe3+ 25. fxe3 Bxc3+ 26. Ke2 Bxb2 27. cxb6 axb6 28. Kd3 Be5 29. h3 f5 30. c4 Kf7 31. cxd5 Ke7 32. Kc4 Kd6 33. Kb5 Kxd5 34. Kxb6 Ke4 35. Kc5 f4 36. exf4 Bxf4 37. a5 Bg3 38. a6 g5 39. Kc6 h5 40. a7 1-0

[Event "Stuttgart-chB int"]
[Site "Ditzingen"]
[Date "2006.05.27"]
[Round "6"]
[White "Mijatovic, Andrea"]
[Black "Matic, Marijo"]
[Result "1-0"]
[WhiteElo "1640"]
[BlackElo "1386"]
[PlyCount "75"]
[EventDate "2006.05.25"]
[EventType "swiss"]
[EventRounds "7"]
[EventCountry "GER"]
[SourceTitle "EXT 2018"]
[Source "ChessBase"]
[SourceDate "2017.10.13"]
[SourceVersion "1"]
[SourceVersionDate "2017.10.13"]
[SourceQuality "1"]

1. e4 c5 2. Nf3 Nc6 3. d4 cxd4 4. Nxd4 e5 5. Nb5 d6 6. N1c3 a6 7. Na3 Be6 8. Nc4 b5 9. Ne3 Nf6 10. f3 Be7 11. Ned5 0-0 12. Nxe7+ Nxe7 13. Bg5 Ne8 14. a4 f6 15. Be3 d5 16. exd5 Nxd5 17. Nxd5 Bxd5 18. axb5 a5 19. b3 Nc7 20. Bb6 Kh8 21. Bxc7 Qxc7 22. c4 Be6 23. Qc2 Qc5 24. Bd3 f5 25. Qd2 Rfd8 26. Qc2 Qe3+ 27. Be2 f4 28. Rd1 Rd4 29. Rxd4 Qxd4 30. Qe4 Qc3+ 31. Kf2 Rd8 32. Rd1 Rxd1 33. Bxd1 Qd2+ 34. Be2 Qc3 35. b6 Qxb3 36. b7 Qb6+ 37. Kf1 a4 38. Bd3 1-0